Análisis del servicio público de gas domiciliario desde la ley 24076 (Registro nro. 30481)

Detalles MARC
000 -LEADER
fixed length control field 00374 a2200109 4500
001 - CONTROL NUMBER
control field ART_40202
005 - DATE AND TIME OF LATEST TRANSACTION
control field 20260410161952.0
008 - FIXED-LENGTH DATA ELEMENTS--GENERAL INFORMATION
fixed length control field 260409a
100 1# - MAIN ENTRY--PERSONAL NAME
Personal name Alvarez Larrondo, Federico M.
245 10 - TITLE STATEMENT
Title Análisis del servicio público de gas domiciliario desde la ley 24076
773 0# - HOST ITEM ENTRY
Title Temas de derecho comercial
Related parts - Año 2, Nº 9 (sep. 2016)
Record control number REV28151

No hay ítems disponibles.